Момичето жерав (Запис номер 495463)
[ съкратено ]
| 000 -Лидер | |
|---|---|
| Лидер | 01171nam a2200253 a 4500 |
| 003 - Код на организацията, давaща контролен номер | |
| Код на организацията, даваща контролен номер | BLK |
| 005 - Дата и час на последна редакция | |
| Дата и час на последна редакция | 20250423100344.0 |
| 008 - Елементи от данни с фиксирана дължина | |
| Елементи с фиксирана дължина | 210813b bul |a||r|||| |0| ||bulo| |
| 020 ## - Международен стандартен номер на книга ISBN | |
| ISBN | 9786190112365 |
| 040 ## - Източник на каталожния запис | |
| Код на библиотеката | BLK |
| 041 ## - Код за език | |
| Език | Български |
| Език за КДБФ | Български |
| 080 ## - УДК | |
| УДК текст | Американска литература (на САЩ) |
| УДК код | 821.111(73) |
| УДК – код + определител | 821.111(73)-93-34 |
| 100 ## - Редна дума - Автор | |
| Автор | Манли, Къртис |
| R(LIN) | 489126 |
| 245 10 - Сведения за заглавието | |
| Заглавие | Момичето жерав |
| Подзаглавни данни | По мотиви на японски народни приказки |
| Авторска отговорност | адапт. Къртис Манли ; худож. Лин Уан ; прев. Мая Ненчева |
| 260 ## - Област на издателските данни | |
| Място на издаване | София |
| Име на издателя | Изток-Запад |
| Година на издаване | 2023 |
| 9 (RLIN) | 210881 |
| Издателство - префикс ISBN | 978-619-01- ; 978-619-152- ; 978-954-321- ; 954-8945- |
| 300 ## - Физическа характеристика | |
| Брой страници | 40 с. |
| Илюстрации | с цв. ил. |
| Размер | 22х25 см |
| 380 ## - Жанр | |
| Жанр | Детска худож. лит. |
| 500 ## - Общи забележки | |
| Обща забележка | Ориг. загл.: The grane girl / Curtis Manley<br/>За автора ; За илюстратора: с. 41 |
| 700 ## - Други автори (авторска отговорност) | |
| Друг автор | Ненчева, Мая Атанасова |
| Авт. отговорност на др. автор | прев. от англ. |
| 9 (RLIN) | 1021 |
| 852 ## - Местоположение | |
| Сигнатура (форматна) | Цб 322235 |
| Отдел | Хранилище |
| 942 ## - АРТИКУЛИ | |
| Вид на библиотечния документ | Книги |
| Скрит в OPAC | Не |
| Периодичен библиозапис | Да |
| Koha issues (borrowed), all copies | 6 |
| 944 ## - СЪЗДАВАНЕ И РЕДАКЦИЯ на ЗАПИСА | |
| Създаване/Редакция | Редакция |
| Дата на регистрацията/редакция | 2024 |
| Служител, извършил регистрацията/редакцията | 30576 |
| Номер на служител | Цветомила Тодорова |
| 999 ## - СИСТЕМНИ КОНТРОЛНИ НОМЕРА | |
| Koha biblionumber | 495463 |
| Koha biblioitemnumber | 495463 |
| Код за отписване | Код за изгубен артикул | Източник на класификационната схема | Код за повреда | Код за отдаване | Артикулен № | Име на библиотеката - собственик | Име на библиотеката, в която се намира в момента | Статус (Текущо местоположение) | Дата на вписване в системата | Местоположение - отдел | Цена в лева | Инвентарен номер | Систематично азбучна сигнатура | Баркод | Цена в евро | Служебен тип на артикула | Коз за рестрикции |
|---|---|---|---|---|---|---|---|---|---|---|---|---|---|---|---|---|---|
| Не е изгубен | Universal Decimal Classification | Не е повреден | заемане за дома | 933568 | Регионална библиотека "Любен Каравелов" Русе | Регионална библиотека "Любен Каравелов" Русе | Детски отдел | 2023-09-15 | Детски отдел | 24.90 | 120000892736 | 821-93/М 26 К | 120000892736 | 12.73 | Книги | ||
| Не е изгубен | Universal Decimal Classification | Не е повреден | заемане за дома | 933569 | Регионална библиотека "Любен Каравелов" Русе | Регионална библиотека "Любен Каравелов" Русе | Детски отдел | 2023-09-15 | Детски отдел | 24.90 | 120000892737 | 821-93/М 26 К | 120000892737 | 12.73 | Книги | ||
| Не е изгубен | Universal Decimal Classification | Не е повреден | заемане за дома | 933570 | Регионална библиотека "Любен Каравелов" Русе | Регионална библиотека "Любен Каравелов" Русе | Детски отдел | 2023-09-15 | Детски отдел | 24.90 | 120000892738 | 821-93/М 26 К | 120000892738 | 12.73 | Книги | ||
| Изтеглен | Не е изгубен | Universal Decimal Classification | Не е повреден | заемане за дома | 933720 | Регионална библиотека "Любен Каравелов" Русе | Регионална библиотека "Любен Каравелов" Русе | Детски отдел | 2023-09-26 | Детски отдел | 18.67 | 120000892888 | 821-93/М 26 К | 120000892888 | 9.55 | Книги | |
| Не е изгубен | Universal Decimal Classification | Не е повреден | заемане за дома | 933721 | Регионална библиотека "Любен Каравелов" Русе | Регионална библиотека "Любен Каравелов" Русе | Детски отдел | 2023-09-26 | Детски отдел | 18.67 | 120000892887 | 821-93/М 26 К | 120000892887 | 9.55 | Книги | ||
| Не е изгубен | Universal Decimal Classification | Не е повреден | ползва се в читалня | 941371 | Регионална библиотека "Любен Каравелов" Русе | Регионална библиотека "Любен Каравелов" Русе | Хранилище | 2024-03-18 | Хранилище | 24.90 | 120000900384 | Цб 322235 | 120000900384 | 12.73 | Книги | само за читалня |